RURAL development and preservation of natural resources : challenge or contradiction? :

Bibliographic Details
Format: Book
Published: Feldafing [Germany] : The Foundation , [1984]
Subjects:

MARC

LEADER 00000cam a2200000 7i4500
001 0000002322
005 20030527.0
090 0 0 |a 333.72091724   |b RUR (1984) 
245 0 0 |a RURAL development and preservation of natural resources :   |b challenge or contradiction? :   |b report of a German conference of the German Foundation for International Development, Food and Agriculture Development Centre, Feldafing, 21-24 June 1983 
260 0 0 |a Feldafing [Germany] :   |b The Foundation ,   |c [1984] 
300 |a 130 p. ;   |c 21 cm. 
650 0 0 |a Natural resources   |x Developing countries   |x Congresses 
650 0 0 |a Rural development   |x Developing countries   |x Congresses 
998 |a JPSM 
999 |a 0000004133   |b Monograph   |c Open Shelf   |e Default branch